<?xml version="1.0" encoding="UTF-8"?><?xml-stylesheet type="text/xsl" href="static/style.xsl"?><OAI-PMH xmlns="http://www.openarchives.org/OAI/2.0/" xmlns:xsi="http://www.w3.org/2001/XMLSchema-instance" xsi:schemaLocation="http://www.openarchives.org/OAI/2.0/ http://www.openarchives.org/OAI/2.0/OAI-PMH.xsd"><responseDate>2026-07-01T15:02:03Z</responseDate><request verb="GetRecord" identifier="oai:riubu.ubu.es:10259/5231" metadataPrefix="marc">https://riubu.ubu.es/oai/request</request><GetRecord><record><header><identifier>oai:riubu.ubu.es:10259/5231</identifier><datestamp>2021-11-02T12:06:30Z</datestamp><setSpec>com_10259_5226</setSpec><setSpec>com_10259_5086</setSpec><setSpec>com_10259_2604</setSpec><setSpec>col_10259_5229</setSpec></header><metadata><record xmlns="http://www.loc.gov/MARC21/slim" xmlns:doc="http://www.lyncode.com/xoai" xmlns:xsi="http://www.w3.org/2001/XMLSchema-instance" xmlns:dcterms="http://purl.org/dc/terms/" xsi:schemaLocation="http://www.loc.gov/MARC21/slim http://www.loc.gov/standards/marcxml/schema/MARC21slim.xsd">
<leader>00925njm 22002777a 4500</leader>
<datafield tag="042" ind1=" " ind2=" ">
<subfield code="a">dc</subfield>
</datafield>
<datafield tag="720" ind1=" " ind2=" ">
<subfield code="a">Marín Cepeda, Patricia</subfield>
<subfield code="e">author</subfield>
</datafield>
<datafield tag="260" ind1=" " ind2=" ">
<subfield code="c">2017</subfield>
</datafield>
<datafield tag="520" ind1=" " ind2=" ">
<subfield code="a">La recensión de los numerosos poemas eróticos en castellano&#xd;
que contiene el manuscrito Corsini 970 (olim 44.A.21) de la&#xd;
Biblioteca de la Accademia dei Lincei de Roma y la edición comentada&#xd;
de las cuatro composiciones que carecen de otros testimonios documentados&#xd;
hasta la fecha sirven para evidenciar que estamos ante una&#xd;
colectánea muy significativa del cultivo de las formas y temas eróticos&#xd;
en el Siglo de Oro, así como de las relaciones hispano-italianas, en&#xd;
especial con la Salamanca estudiantil, que marcaron su cultivo y circulación&#xd;
manuscrita al filo del siglo xvi.</subfield>
</datafield>
<datafield tag="520" ind1=" " ind2=" ">
<subfield code="a">This article offers a review of the numerous erotic poems&#xd;
in Spanish that are included in the manuscript Corsini 970 (olim&#xd;
44.A.21) of the Biblioteca de la Accademia dei Lincei in Rome, and&#xd;
the edition and brief analysis of the four unique poems in it that lack other known sources. This approach illustrates how the manuscript&#xd;
represents a significant example of the use of erotic forms and themes&#xd;
in the Golden Age, as well as of the Italian-Spanish links, especially in&#xd;
relation to student life in Salamanca, which marked its practise and&#xd;
manuscript circulation at the end of the sixteenth century.</subfield>
</datafield>
<datafield tag="024" ind2=" " ind1="8">
<subfield code="a">9788498951882</subfield>
</datafield>
<datafield tag="024" ind2=" " ind1="8">
<subfield code="a">http://hdl.handle.net/10259/5231</subfield>
</datafield>
<datafield ind1=" " ind2=" " tag="653">
<subfield code="a">ms. Corsini 970</subfield>
</datafield>
<datafield ind1=" " ind2=" " tag="653">
<subfield code="a">poesía erótica</subfield>
</datafield>
<datafield ind1=" " ind2=" " tag="653">
<subfield code="a">Roma</subfield>
</datafield>
<datafield ind1=" " ind2=" " tag="653">
<subfield code="a">Salamanca</subfield>
</datafield>
<datafield ind1=" " ind2=" " tag="653">
<subfield code="a">erotic poetry</subfield>
</datafield>
<datafield ind1=" " ind2=" " tag="653">
<subfield code="a">Rome</subfield>
</datafield>
<datafield tag="245" ind1="0" ind2="0">
<subfield code="a">Erotismo y poesía en el manuscrito Corsini 970 de la Accademia Nazionale dei Lincei</subfield>
</datafield>
</record></metadata></record></GetRecord></OAI-PMH>